000 01140cam a2200193 4500
001 WB3930-18
008 030805n2003 000 0 eng u
035 _a(Sirsi) u123201
245 _aPublication of land use classification statistics
260 _c2003
490 _aODPM News Release
_v(159) 31 July 2003 (2)
520 _aExperimental statistics for land use have been published for the Government Office Regions of London and the South East and five local authorities in Essex to support quality of life urban initiatives such as the Thames Gateway. The generalised land use classification categorises land features into nine themes and this provides the framework for the analysis of land use in four geographical/administrative areas. Feedback from users is welcomed. Further information at www.odpm.gov.uk/stellent/groups/odpm_planning/documents/page/odpm_plan_023322.hcsp. www.odpm.gov.uk/pns/DisplayPN.cgi?pn_id=2003_0159
590 _aWB
650 _aTHAMES GATEWAY
650 _aCLASSIFICATION
650 _aLAND USE STATISTICS
690 _aENVIRONMENTAL AND LAND CONSULTANCY-PLANNING AND DEVELOPMENT
942 _n0
999 _c73170
_d73170